| 000 | 00485nam a22001457a 4500 | ||
|---|---|---|---|
| 008 | 140905b xxu||||| |||| 00| 0 eng d | ||
| 020 | _a0444415882 | ||
| 050 | _aKD1715.A52 L44(vol 2) | ||
| 245 |
_aThe Institute of Bankers: _cedited by John R. Paget _blegal decisions affecting bankers, vol 2, 1900-1910. / |
||
| 260 |
_aStevenage,England: _bPear Tree, _c2004. |
||
| 300 | _ax,288p.: | ||
| 440 |
_pInstitute of Bankers, 1900-1910 _vvol 2 |
||
| 700 | _a Paget,John R. | ||
| 942 |
_2lcc _cBK |
||
| 999 |
_c4364 _d11864 |
||